banner-ar

حياة الحيوان الكبرى : (Record no. 38038)

MARC details
000 -الفاتح
حقل البيانات ثابتة الطول 01027nam a2200217Ia 4500
005 - وقت وتاريخ اخر تعامل مع التسجيلة
رقم الضبط 20240530103253.0
008 - عناصر البيانات ثابتة الطول - معلومات عامة
حقل البيانات ثابتة الطول 140319s1992 xx 000 0 ara d
040 ## - مصدر الفهرسة
وكالة الفهرسة الأصلية GCL /
وكالة النسخ GCL
082 04 - رقم تصنيف ديوى العشرى
رقم التصنيف 413.1
رقم المادة د ح
100 ## - المدخل الرئيسى - إسم شخصى
الإسم الشخصى كمال الدين محمد بن موسى الدميرى
245 10 - بيان العنوان
العنوان حياة الحيوان الكبرى :
بقية العنوان ويليه عجائب الحيوان من كتاب عجائب المخلوقات وغرائب الموجودات /
بيان المسئوليه,etc تاليف كمال الدين محمد بن موسى الدميرى ، زكريا بن محمد بن محمود القزوينى ؛ تهذيب اسعد الفارس
260 ## - PUBLICATION, DISTRIBUTION, ETC. (IMPRINT)
تاريخ النشر أو التوزيع 1992
300 ## - الوصف المادى
التعداد 208 ص؛
تفاصيل ماديه اخرى للوعاء 24 سم
490 ## - بيان السلسلة
عنوان السلسلة من التراث اللغوى
رقم المجلد/ التعيين التسلسلي 0
650 04 - المدخل الاضافى بالموضوع-مصطلح موضوعى
مصطلح موضوعي اللغة العربية
650 04 - المدخل الاضافى بالموضوع-مصطلح موضوعى
مصطلح موضوعي الاعلام
650 04 - المدخل الاضافى بالموضوع-مصطلح موضوعى
مصطلح موضوعي الحيوان، علم
700 ## - المدخل الاضافى - اسم شخصى
الإسم الشخصى اسعد الفارس
الدور تهذيب
942 ## - عناصر المدخل الإضافي( كوها)
مصدر التصنيف او مخطط الترفيف Dewey Decimal Classification
Koha [default] item type كتاب
260 ## - PUBLICATION, DISTRIBUTION, ETC. (IMPRINT)
-- دمشق :
-- طلاس للدراسات والترجمة والنشر ،
Holdings
حالة التراجع حالة الفقد حالة تلف ليس للاعارة المكان المؤقت الموقع الحالى تاريخ الاكتساب اجمالي اﻻعارات رقم الطلب الباركود تاريخ اخر مشاهدة تاريخ تفعيل السعر نوع وعاء كوها
        مكتبة القاهرة الكبرى مكتبة القاهرة الكبرى 03/26/2014   413.1\د ح 92932 03/26/2014 03/26/2014 كتاب
        مكتبة القاهرة الكبرى مكتبة القاهرة الكبرى 03/26/2014   413.1\د ح 92933 03/26/2014 03/26/2014 كتاب

Powered By

EGPV